000
00295nam a22001337a 4500
003
OSt
005
20160727222458.0
008
160705b xxu||||| |||| 00| 0 eng d
040
_c
TEST
100
_9
2219
_a
David, A., et al
245
_a
Animal World
300
_a
Animal World
942
_2
ddc
_c
BK
999
_c
1907
_d
1907